Criminology / (Record no. 1900)
[ view plain ]
| 000 -LEADER | |
|---|---|
| fixed length control field | 00658nam a22002417a 4500 |
| 001 - CONTROL NUMBER | |
| control field | 13131 |
| 003 - CONTROL NUMBER IDENTIFIER | |
| control field | BD-DhUAP |
| 005 - DATE AND TIME OF LATEST TRANSACTION | |
| control field | 20200217154745.0 |
| 008 - FIXED-LENGTH DATA ELEMENTS--GENERAL INFORMATION | |
| fixed length control field | 200217s2008 bg ||||| b||| 00| 0 eng d |
| 020 ## - INTERNATIONAL STANDARD BOOK NUMBER | |
| International Standard Book Number | 9843000017859 |
| 040 ## - CATALOGING SOURCE | |
| Original cataloging agency | BD-DhUAP |
| Language of cataloging | Eng |
| Transcribing agency | BD-DhUAP |
| Modifying agency | BD-DhUAP |
| 082 ## - DEWEY DECIMAL CLASSIFICATION NUMBER | |
| Edition number | 23 |
| Classification number | 345 KAD |
| 100 ## - MAIN ENTRY--PERSONAL NAME | |
| Personal name | Kader, Monjur. |
| 245 ## - TITLE STATEMENT | |
| Title | Criminology / |
| Statement of responsibility, etc. | Monjur Kader and Md. Muajjem Hussain. |
| 250 ## - EDITION STATEMENT | |
| Edition statement | 1st ed. |
| 260 ## - PUBLICATION, DISTRIBUTION, ETC. | |
| Place of publication, distribution, etc. | Dhaka : |
| Name of publisher, distributor, etc. | Eastern University, |
| Date of publication, distribution, etc. | 2008. |
| 300 ## - PHYSICAL DESCRIPTION | |
| Extent | [13], 320 pages ; |
| Dimensions | 22 cm. |
| 501 ## - WITH NOTE | |
| With note | Bibliography p. 319-320. |
| 650 ## - SUBJECT ADDED ENTRY--TOPICAL TERM | |
| Topical term or geographic name entry element | Crime. |
| 650 ## - SUBJECT ADDED ENTRY--TOPICAL TERM | |
| Topical term or geographic name entry element | Criminology. |
| 700 ## - ADDED ENTRY--PERSONAL NAME | |
| Personal name | Hussain, Md. Muajjem. |
| 942 ## - ADDED ENTRY ELEMENTS (KOHA) | |
| Source of classification or shelving scheme | |
| Koha item type | Book |
| Withdrawn status | Lost status | Source of classification or shelving scheme | Damaged status | Not for loan | Permanent Location | Current Location | Shelving location | Date acquired | Total Checkouts | Total Renewals | Full call number | Barcode | Date last seen | Date last checked out | Copy number | Price effective from | Koha item type | Date due |
|---|---|---|---|---|---|---|---|---|---|---|---|---|---|---|---|---|---|---|
| UAP Central Library | UAP Central Library | General Stacks | 2020-02-17 | 2 | 1 | 345 KAD | 3010013131 | 2026-03-08 | 2026-02-25 | 1 | 2020-02-17 | Book | ||||||
| UAP Central Library | UAP Central Library | General Stacks | 2020-02-17 | 345 KAD | 3010013132 | 2020-02-17 | 2 | 2020-02-17 | Book | |||||||||
| UAP Central Library | UAP Central Library | General Stacks | 2020-02-17 | 1 | 345 KAD | 3010011078 | 2025-10-19 | 2025-09-28 | 3 | 2020-02-17 | Book | |||||||
| UAP Central Library | UAP Central Library | General Stacks | 2020-02-17 | 4 | 4 | 345 KAD | 3010011076 | 2026-05-14 | 2026-03-29 | 4 | 2020-02-17 | Book | ||||||
| UAP Central Library | UAP Central Library | General Stacks | 2020-02-17 | 345 KAD | 3010011084 | 2020-02-17 | 5 | 2020-02-17 | Book | |||||||||
| UAP Central Library | UAP Central Library | General Stacks | 2020-02-17 | 345 KAD | 3010013134 | 2020-02-17 | 6 | 2020-02-17 | Book | |||||||||
| UAP Central Library | UAP Central Library | General Stacks | 2020-02-17 | 345 KAD | 3010011080 | 2020-02-17 | 7 | 2020-02-17 | Book | |||||||||
| UAP Central Library | UAP Central Library | General Stacks | 2020-02-17 | 345 KAD | 3010011077 | 2020-02-17 | 8 | 2020-02-17 | Book | |||||||||
| UAP Central Library | UAP Central Library | General Stacks | 2020-02-17 | 345 KAD | 3010011075 | 2020-02-17 | 9 | 2020-02-17 | Book | |||||||||
| UAP Central Library | UAP Central Library | General Stacks | 2020-02-18 | 2 | 345 KAD | 3010011081 | 2026-05-10 | 2026-05-10 | 10 | 2020-02-18 | Book | 2026-05-24 | ||||||
| UAP Central Library | UAP Central Library | General Stacks | 2020-02-18 | 1 | 345 KAD | 3010013133 | 2022-03-27 | 2022-03-12 | 11 | 2020-02-18 | Book | |||||||
| UAP Central Library | UAP Central Library | General Stacks | 2020-03-10 | 2 | 1 | 345 KAD | 3010013135 | 2022-05-19 | 2022-04-19 | 12 | 2020-03-10 | Book | ||||||
| UAP Central Library | UAP Central Library | General Stacks | 2020-03-10 | 345 KAD | 3010011079 | 2020-03-10 | 13 | 2020-03-10 | Book | |||||||||
| UAP Central Library | UAP Central Library | General Stacks | 2020-03-10 | 5 | 345 KAD | 3010011082 | 2023-05-16 | 2023-05-14 | 14 | 2020-03-10 | Book | |||||||
| UAP Central Library | UAP Central Library | General Stacks | 2020-12-31 | 1 | 345 KAD | 3010011083 | 2026-02-03 | 2025-12-30 | 15 | 2020-12-31 | Book |
Bengali Keyboard